00753nam a22002417a 4500003000400000005001700004008004100021020003000062040000800092082001900100100001900119245011300138260002400251300003800275500001900313500002400332500002200356650002600378650003000404650003700434700001900471700002100490IIN20250507105127.0250507s2024 |||ad||| |||| 001 0 eng d a9789386896834cRs.1250.00 aIIN a610.72699bVAT aVati, Jogindra aAdult Medical Surgical NursingbIncluding Geriatric Nursing/cJogindra Vati, Prabhjot Kaur & Lakhwinder Kaur aPunjabbLotusc2024 a1079-2027 [lviii] p./ vol.2bill. aIncludes Index aIncludes Appendices aIncludes Glossary aAdult HealthvNursing aMedical SurgicalvNursing aGeriatricvAdult HealthxNursing aKaur, Prabhjot aKaur, Lakhwinder